000 00828nam a2200253Ia 4500
003 OSt
005 20220925181503.0
006 a|||||r|||| 00| 0
007 ta
008 220923b |||||||| |||| 00| 0 eng d
020 _a9781848444843
_c16336.209999999999
037 _b144/2011-12, 24/02/2012, PIONEER BOOK DISTRIBUTORS
_cGeneral Book
040 _aRTL
_cRTL
_beng
041 _2eng
_aeng
082 _aX9:2, P9
100 _aJorgenson Dale W
245 0 _aEconomics of productivity
260 _aCheltenham
_bEdward Elgar
_c2009
300 _axxviii,751p
_ccm.
490 _aInternational Library of Critical Writings in Economics 236
650 _aEconomics
942 _hX9:2, P9
_cGB
_2CC
999 _c499425
_d499425